<?xml version="1.0" encoding="UTF-8"?>
<record
    xmlns:xsi="http://www.w3.org/2001/XMLSchema-instance"
    xsi:schemaLocation="http://www.loc.gov/MARC21/slim http://www.loc.gov/standards/marcxml/schema/MARC21slim.xsd"
    xmlns="http://www.loc.gov/MARC21/slim">

  <leader>01277nam a2200289 i 4500</leader>
  <controlfield tag="001">190775</controlfield>
  <controlfield tag="003">ES-MaACL</controlfield>
  <controlfield tag="005">20240201135254.0</controlfield>
  <controlfield tag="008">220704s2018    sp a          001 0dspa</controlfield>
  <datafield tag="020" ind1=" " ind2=" ">
    <subfield code="a">978-84-16460-52-6</subfield>
  </datafield>
  <datafield tag="080" ind1=" " ind2=" ">
    <subfield code="a">070 Garc&#xED;a Mart&#xED;, Victoriano</subfield>
  </datafield>
  <datafield tag="080" ind1=" " ind2=" ">
    <subfield code="a">821.134.2-92"19"</subfield>
  </datafield>
  <datafield tag="100" ind1="1" ind2=" ">
    <subfield code="a">Garc&#xED;a Mart&#xED;, Victoriano,</subfield>
    <subfield code="d">1881-1966</subfield>
    <subfield code="9">54896</subfield>
  </datafield>
  <datafield tag="245" ind1="1" ind2="0">
    <subfield code="a">Por los caminos del siglo XX : </subfield>
    <subfield code="b">obra period&#xED;stica olvidada (1914-1963) / </subfield>
    <subfield code="c">Victoriano Garc&#xED;a Mart&#xED; ; edici&#xF3;n, estudios y notas Arantxa Fuentes R&#xED;os.</subfield>
  </datafield>
  <datafield tag="260" ind1=" " ind2=" ">
    <subfield code="a">Santiago de Compostela : </subfield>
    <subfield code="b">Consorcio de Santiago : </subfield>
    <subfield code="b">Alvarellos Editora,</subfield>
    <subfield code="c">[2018]</subfield>
  </datafield>
  <datafield tag="300" ind1=" " ind2=" ">
    <subfield code="a">306 p. : </subfield>
    <subfield code="b">il. ; </subfield>
    <subfield code="c">21 cm.</subfield>
  </datafield>
  <datafield tag="490" ind1="1" ind2=" ">
    <subfield code="a">Colecci&#xF3;n rescate ; </subfield>
    <subfield code="v">24</subfield>
  </datafield>
  <datafield tag="504" ind1=" " ind2=" ">
    <subfield code="a">Referencias bibliogr&#xE1;ficas.</subfield>
  </datafield>
  <datafield tag="505" ind1="8" ind2=" ">
    <subfield code="a">Contiene: El centenario del Ateneo (1934), p. 119-122</subfield>
  </datafield>
  <datafield tag="599" ind1=" " ind2=" ">
    <subfield code="a">En p. [25]: Foto de la inauguraci&#xF3;n del curso acad&#xE9;mico 1922-1923 en el Ateneo de Madrid</subfield>
  </datafield>
  <datafield tag="600" ind1="1" ind2="4">
    <subfield code="a">Garc&#xED;a Mart&#xED;, Victoriano,</subfield>
    <subfield code="d">1881-1966</subfield>
    <subfield code="9">54896</subfield>
  </datafield>
  <datafield tag="700" ind1="1" ind2=" ">
    <subfield code="a">Fuentes R&#xED;os, Arantxa.</subfield>
    <subfield code="9">174775</subfield>
  </datafield>
  <datafield tag="830" ind1="1" ind2=" ">
    <subfield code="a">Colecci&#xF3;n rescate ; </subfield>
    <subfield code="v">24</subfield>
    <subfield code="9">225936</subfield>
  </datafield>
  <datafield tag="852" ind1="4" ind2=" ">
    <subfield code="a">ES-MaACL</subfield>
    <subfield code="j">A-14994</subfield>
    <subfield code="9">197957</subfield>
    <subfield code="b">R.153293</subfield>
    <subfield code="c">DEPO1</subfield>
    <subfield code="d">Olim: N-7994  </subfield>
    <subfield code="h">Donaci&#xF3;n: Editorial </subfield>
    <subfield code="x"> Encuadernaci&#xF3;n en cartone .</subfield>
  </datafield>
  <datafield tag="942" ind1=" " ind2=" ">
    <subfield code="2">udc</subfield>
  </datafield>
  <datafield tag="999" ind1=" " ind2=" ">
    <subfield code="c">190775</subfield>
    <subfield code="d">190775</subfield>
  </datafield>
  <datafield tag="952" ind1=" " ind2=" ">
    <subfield code="0">0</subfield>
    <subfield code="1">0</subfield>
    <subfield code="2">udc</subfield>
    <subfield code="4">0</subfield>
    <subfield code="7">0</subfield>
    <subfield code="a">ATENEOM</subfield>
    <subfield code="b">ATENEOM</subfield>
    <subfield code="c">DEPO1</subfield>
    <subfield code="d">2022-07-04</subfield>
    <subfield code="e">DONACION</subfield>
    <subfield code="l">0</subfield>
    <subfield code="o">A-14994</subfield>
    <subfield code="p">1203044</subfield>
    <subfield code="r">2023-02-23 00:00:00</subfield>
    <subfield code="w">2023-02-23</subfield>
    <subfield code="y">MONOGRAFIA</subfield>
  </datafield>
</record>
